Online education and community participation in Bangladesh: Challenges and opportunities to ensure inclusive learning during Covid-19 school closure (Record no. 519700)

000 -LEADER
fixed length control field 01556nam a22001577a 4500
008 - FIXED-LENGTH DATA ELEMENTS--GENERAL INFORMATION
fixed length control field 220413b ||||| |||| 00| 0 eng d
100 ## - MAIN ENTRY--PERSONAL NAME
Personal name Noor, Shamim and Shaoun, Saharin Priya
245 ## - TITLE STATEMENT
Title Online education and community participation in Bangladesh: Challenges and opportunities to ensure inclusive learning during Covid-19 school closure
260 ## - PUBLICATION, DISTRIBUTION, ETC. (IMPRINT)
Place of publication, distribution, etc Indian Institute of Public Administration
300 ## - PHYSICAL DESCRIPTION
Extent 67(4), Dec, 2021: p. 620-638
520 ## - SUMMARY, ETC.
Summary, etc Like most other countries around the world, after the emergence of the COVID-19 pandemic, the education system in Bangladesh has gone through a radical change from the beginning of March 2020 onwards. The study attempts to analyse teachers’, students’ and parents’ perceptions and experiences about the online education in the COVID-19 pandemic at the school level. To fulfil the research objectives, the study selects some private schools (kindergarten to high school) in the Chattogram District of Bangladesh. The study strongly advocates for making the online classes more effective and inclusive for all. There is a need to bring a strategic change from the course curriculum to the teaching process and ensure an amalgamation of all types of interventions (online and offline classes) for online learning activities through a unified policy direction. – Reproduced
650 ## - SUBJECT ADDED ENTRY--TOPICAL TERM
Topical term or geographic name as entry element Online education, Community participation, COVID-19, Inclusive learning, Bangladesh
9 (RLIN) 30870
773 ## - HOST ITEM ENTRY
Main entry heading Indian Institute of Public Administration
906 ## - LOCAL DATA ELEMENT F, LDF (RLIN)
Subject DIP ONLINE EDUCATION
942 ## - ADDED ENTRY ELEMENTS (KOHA)
Item type Articles
Holdings
Withdrawn status Lost status Source of classification or shelving scheme Damaged status Not for loan Permanent location Current location Date acquired Serial Enumeration / chronology Barcode Date last seen Koha item type
          Indian Institute of Public Administration Indian Institute of Public Administration 2022-04-13 67(4), Dec, 2021: p. 620-638 AR126499 2022-04-13 Articles

Powered by Koha